[Event "XLVII C.to Torinese Assoluto 2002"]
[Site "Torino ITA"]
[Date "2003.01.??"]
[Round "1"]
[White "Barbiso, Tiziana"]
[Black "Nardelli, Marco"]
[WhiteElo "2043"]
[BlackElo "1911"]
[Result "0-1"]
[PlyCount "50"]
[EventDate "2003.01.20"]

1. e4 c5 2. c3 d5 3. exd5 Qxd5 4. d4 Nc6 5. Nf3 Bg4 6. Be2 cxd4 7. cxd4 e6 8.
Nc3 Qd8 9. Be3 Nf6 10. O-O Be7 11. Qd2 O-O 12. Rfd1 Nb4 13. Rac1 Nbd5 14. Bd3
Bxf3 15. gxf3 Nxc3 16. bxc3 Qd5 17. Qe2 Qh5 18. Bf4 Nd5 19. Bg3 Bg5 20. Rc2 Nf4
21. Bxf4 Bxf4 22. Qe4 Qxh2+ 23. Kf1 e5 24. Re1 exd4 25. cxd4 Rae8 0-1

[Event "XLVII C.to Torinese Assoluto 2002"]
[Site "Torino ITA"]
[Date "2003.01.??"]
[Round "1"]
[White "De Barberis, Massimo"]
[Black "Ricca, Roberto"]
[WhiteElo "2102"]
[BlackElo "2100"]
[Result "1-0"]
[PlyCount "41"]
[EventDate "2003.01.20"]

1. e4 e5 2. Bc4 Nf6 3. Nc3 Be7 4. Nge2 Nxe4 5. Nxe4 d5 6. Bxd5 Qxd5 7. N2c3 Qe6
8. d3 f5 9. Ng3 O-O 10. f3 Bh4 11. O-O Qg6 12. f4 Nc6 13. Nd5 Qf7 14. Ne3 exf4
15. Rxf4 g5 16. Nexf5 Kh8 17. Nh6 Qxf4 18. Bxf4 Rxf4 19. Qh5 Bd7 20. Nf7+ Kg8
21. Nxg5 1-0

[Event "XLVII C.to Torinese Assoluto 2002"]
[Site "Torino ITA"]
[Date "2003.01.??"]
[Round "1"]
[White "Fabbri, Mario"]
[Black "Fuggetta, Leonardo"]
[WhiteElo "2190"]
[BlackElo "2055"]
[Result "1/2-1/2"]
[PlyCount "64"]
[EventDate "2003.01.20"]

1. d4 d6 2. e4 Nf6 3. f3 c6 4. c4 Nbd7 5. Nc3 e5 6. Nge2 Be7 7. Be3 O-O 8. Qd2
Qa5 9. a3 d5 10. cxd5 cxd5 11. Nxd5 Qxd2+ 12. Kxd2 Nxd5 13. exd5 exd4 14. Bxd4
Nf6 15. Nc3 Rd8 16. Re1 Nxd5 17. Nxd5 Rxd5 18. Rxe7 Rxd4+ 19. Kc3 Rd8 20. Bc4
Be6 21. b3 Rd7 22. Rxd7 Bxd7 23. Rd1 Bc6 24. b4 a6 25. Bd5 Rc8 26. Bxc6 Rxc6+
27. Kb3 g6 28. a4 Rc7 29. a5 Kf8 30. Rd5 Ke7 31. b5 Ke6 32. Rd2 Rc5 1/2-1/2

[Event "XLVII C.to Torinese Assoluto 2002"]
[Site "Torino ITA"]
[Date "2003.01.??"]
[Round "1"]
[White "Fassio, Luca"]
[Black "Pulito, Alberto"]
[WhiteElo "2145"]
[BlackElo "2019"]
[Result "0-1"]
[PlyCount "34"]
[EventDate "2003.01.20"]

1. e4 d5 2. exd5 Nf6 3. d4 Bg4 4. Nf3 Qxd5 5. Be2 Nc6 6. O-O O-O-O 7. Be3 Kb8
8. c3 Qf5 9. Nbd2 h5 10. b4 e5 11. dxe5 Nxe5 12. Qa4 b6 13. Bd4 Nxf3+ 14. Bxf3
Bxf3 15. Nxf3 Bd6 16. Rfe1 h4 17. Bxf6 17... Qxf6 $138 0-1

[Event "XLVII C.to Torinese Assoluto 2002"]
[Site "Torino ITA"]
[Date "2003.01.??"]
[Round "1"]
[White "Giacometto, Mario"]
[Black "Cordara, Michele"]
[WhiteElo "1777"]
[BlackElo "2187"]
[Result "0-1"]
[PlyCount "44"]
[EventDate "2003.01.20"]

1. e4 c5 2. Nf3 d6 3. d4 cxd4 4. Nxd4 Nf6 5. Nc3 a6 6. Be2 e5 7. Nb3 Be6 8. Bg5
Nbd7 9. O-O Rc8 10. a4 Be7 11. Qd2 O-O 12. Rfd1 Qc7 13. Rac1 Rfd8 14. Bf3 Nb6
15. Bxf6 Bxf6 16. Be2 Qe7 17. Rb1 d5 18. exd5 Nxd5 19. Ne4 Bh4 20. Qc1 f5 21.
Ned2 Bg5 22. c3 Nf4 0-1

[Event "XLVII C.to Torinese Assoluto 2002"]
[Site "Torino ITA"]
[Date "2003.01.??"]
[Round "1"]
[White "Maccagno, Giancarlo"]
[Black "Racioppo, Paolo"]
[WhiteElo "2130"]
[BlackElo "2208"]
[Result "1-0"]
[PlyCount "31"]
[EventDate "2003.01.20"]

1. e4 c5 2. Ne2 a6 3. g3 e6 4. Bg2 d5 5. exd5 exd5 6. d4 Nf6 7. O-O c4 8. Bg5
Be7 9. Nbc3 Be6 10. Nf4 Nc6 11. Re1 Qd6 12. Bxf6 Bxf6 13. Ncxd5 Nxd4 14. c3 Nf5
15. Nxe6 fxe6 16. Rxe6+ 1-0

[Event "XLVII C.to Torinese Assoluto 2002"]
[Site "Torino ITA"]
[Date "2003.01.??"]
[Round "1"]
[White "Pepino, Enrico"]
[Black "Faraoni, Enrico"]
[WhiteElo "2084"]
[BlackElo "2182"]
[Result "0-1"]
[PlyCount "100"]
[EventDate "2003.01.20"]

1. e4 e5 2. Nf3 c6 3. d4 Nf6 4. Nc3 Bb4 5. dxe5 Nxe4 6. Qd4 Qa5 7. Qxe4 Bxc3+
8. Nd2 Bb4 9. c3 Be7 10. Nc4 Qd5 11. Qxd5 cxd5 12. Ne3 O-O 13. Nxd5 Bd8 14. Bc4
Re8 15. O-O b5 16. Bb3 a5 17. Bf4 Ra6 18. Rfe1 Nc6 19. Rad1 a4 20. Bc2 Na5 21.
Nb4 Ra7 22. Be3 Rc7 23. Bb6 Rb7 24. Bxd8 Rxd8 25. Bf5 Re8 26. f4 Nc4 27. b3 Nb6
28. Rd6 f6 29. Kf2 fxe5 30. Rxe5 Rxe5 31. fxe5 g6 32. Bg4 Kf7 33. Ke3 Na8 34.
Kd4 axb3 35. axb3 h5 36. Bf3 Ra7 37. h4 Nc7 38. Be4 Ne6+ 39. Ke3 Ra1 40. Kd2
Rh1 41. Bd5 Rxh4 42. Bxe6+ dxe6 43. Rd8 Rg4 44. Rxc8 Rxg2+ 45. Ke3 h4 46. Rc7+
Kg8 47. Kf3 h3 48. Nd3 g5 49. Ra7 g4+ 50. Kf4 h2 0-1

[Event "XLVII C.to Torinese Assoluto 2002"]
[Site "Torino ITA"]
[Date "2003.01.??"]
[Round "2"]
[White "Barbiso, Tiziana"]
[Black "Fabbri, Mario"]
[WhiteElo "2043"]
[BlackElo "2190"]
[Result "0-1"]
[PlyCount "130"]
[EventDate "2003.01.20"]

1. e4 e5 2. Nf3 Nc6 3. Nc3 Nf6 4. Bb5 d6 5. O-O Bd7 6. d4 exd4 7. Nxd4 Be7 8.
Nf5 Bxf5 9. exf5 O-O 10. Ne2 a6 11. Bxc6 bxc6 12. Ng3 d5 13. Bf4 Bd6 14. Qf3
Bxf4 15. Qxf4 Qd6 16. Qxd6 cxd6 17. Rfe1 Rab8 18. b3 Rfe8 19. f3 Kf8 20. Kf2
Re5 21. Ne2 Ke7 22. g4 Kd7 23. Nf4 Ne8 24. Nd3 Rxe1 25. Rxe1 Nc7 26. h4 Re8 27.
Rxe8 Kxe8 28. Ke3 c5 29. Nf4 f6 30. Nh5 Kf7 31. a4 d4+ 32. Ke4 d5+ 33. Kd3 a5
34. Nf4 Ke7 35. Nh5 Ne8 36. f4 Kf7 37. Ng3 Nd6 38. c3 dxc3 39. Kxc3 Nc8 40. Kd3
Na7 41. Ne2 Ke7 42. Nc3 Kd6 43. g5 Nc6 44. Nb5+ Kd7 45. h5 h6 46. Nc3 Ne7 47.
Ke2 Kd6 48. Nb5+ Kc6 49. gxh6 gxh6 50. Kf3 Nxf5 51. Kg4 Nd4 52. Nxd4+ cxd4 53.
Kf3 Kc5 54. Ke2 Kb4 55. Kd3 Kxb3 56. Kxd4 Kxa4 57. Kxd5 Kb3 58. Ke6 a4 59. Kxf6
a3 60. f5 a2 61. Ke7 a1=Q 62. f6 Qe5+ 63. Kf7 Kc4 64. Kg6 Kd5 65. f7 Qh8 0-1

[Event "XLVII C.to Torinese Assoluto 2002"]
[Site "Torino ITA"]
[Date "2003.01.??"]
[Round "2"]
[White "Cordara, Michele"]
[Black "Pulito, Alberto"]
[WhiteElo "2187"]
[BlackElo "2019"]
[Result "0-1"]
[PlyCount "114"]
[EventDate "2003.01.20"]

1. c4 e6 2. Nf3 d5 3. b3 Nf6 4. Bb2 c6 5. g3 Bd6 6. Bg2 O-O 7. O-O Nbd7 8. d3
Re8 9. Nc3 e5 10. e4 dxe4 11. dxe4 Qc7 12. Qd2 Nc5 13. Nh4 a5 14. Rfd1 Bf8 15.
Rac1 Be6 16. Nf5 Rad8 17. Qe3 Bc8 18. Nxg7 Bxg7 19. Qxc5 Bh6 20. f4 b6 21. Nb5
Qb7 22. Nd6 bxc5 23. Nxb7 Bxb7 24. Bxe5 Rxd1+ 25. Rxd1 Ng4 26. Bc3 Ne3 27. Rd7
Bc8 28. Rd6 Bf8 29. Rxc6 Nxg2 30. Kxg2 Bb7 31. Rc7 Bxe4+ 32. Kf2 Ra8 33. Ke3
Bb1 34. a4 Rb8 35. Bxa5 Rxb3+ 36. Kd2 Bd3 37. Rc8 Bxc4 38. Bc7 Rd3+ 39. Kc2 Rd7
40. Bb6 Ba6 41. Ra8 Bb7 42. Rb8 Kg7 43. Kc3 Ba6 44. Ra8 Bb7 45. Re8 Rd1 46. Bc7
f6 47. g4 Bc6 48. Re2 Bxa4 49. h4 Rh1 50. h5 Kf7 51. Ra2 Bc6 52. Ra7 Ke6 53.
Bd8 Bd6 54. f5+ Kd5 55. Bxf6 Rh3+ 56. Kc2 Kc4 57. Rxh7 Rh2+ 0-1

[Event "XLVII C.to Torinese Assoluto 2002"]
[Site "Torino ITA"]
[Date "2003.01.??"]
[Round "2"]
[White "Faraoni, Enrico"]
[Black "Nardelli, Marco"]
[WhiteElo "2182"]
[BlackElo "1911"]
[Result "1/2-1/2"]
[PlyCount "109"]
[EventDate "2003.01.20"]

1. e4 c5 2. Nf3 d6 3. d4 cxd4 4. Qxd4 Nc6 5. Bb5 Bd7 6. Bxc6 Bxc6 7. Nc3 e5 8.
Qd3 Be7 9. O-O Nf6 10. Bg5 O-O 11. Bxf6 Bxf6 12. Rfd1 Qb6 13. b3 d5 14. exd5 e4
15. Nxe4 Bxa1 16. Rxa1 Bd7 17. c4 Bf5 18. Nd4 Bxe4 19. Qxe4 Rfe8 20. Qd3 Qf6
21. Rd1 Rad8 22. Nf5 Re5 23. Ne3 Qd6 24. Qd4 b6 25. f4 Ree8 26. Rd3 Qb4 27. h3
Rd6 28. Rc3 Qa3 29. Nf5 Rg6 30. Nh4 Rf6 31. Kh2 Qb2 32. Rd3 Qc1 33. f5 Re1 34.
Nf3 Rh1+ 35. Kg3 Rd6 36. Re3 h5 37. h4 Rd8 38. Re7 Qa3 39. Qe5 Rd1 40. Qc7 Rf8
41. f6 gxf6 42. Re3 Qc5 43. Qf4 Kh7 44. Kh2 Rg8 45. b4 Qc8 46. Qxf6 Rg7 47. Re5
Kg8 48. Rxh5 Rxg2+ 49. Kxg2 Qg4+ 50. Kf2 Qxh5 51. d6 Qg4 52. c5 Qxb4 53. Qg5+
Kf8 54. Qe7+ Kg7 55. Qg5+ 1/2-1/2

[Event "XLVII C.to Torinese Assoluto 2002"]
[Site "Torino ITA"]
[Date "2003.01.??"]
[Round "2"]
[White "Fuggetta, Leonardo"]
[Black "Pepino, Enrico"]
[WhiteElo "2055"]
[BlackElo "2084"]
[Result "1/2-1/2"]
[PlyCount "59"]
[EventDate "2003.01.20"]

1. Nf3 g6 2. d4 Bg7 3. c4 Nf6 4. Nc3 O-O 5. e4 d6 6. h3 Na6 7. Bg5 c5 8. d5 Nc7
9. Bd3 Rb8 10. O-O a6 11. a4 b6 12. Qd2 Bd7 13. e5 dxe5 14. Nxe5 b5 15. axb5
axb5 16. Nxd7 Qxd7 17. Ra7 bxc4 18. Bxc4 Ra8 19. Rfa1 Rxa7 20. Rxa7 Ra8 21.
Rxa8+ Nxa8 22. Be3 Nb6 23. b3 Qa7 24. Bb5 Qa1+ 25. Kh2 Qxc3 26. Qxc3 Ng4+ 27.
hxg4 Bxc3 28. Bxc5 Nxd5 29. Bc4 Bb4 30. Bxd5 1/2-1/2

[Event "XLVII C.to Torinese Assoluto 2002"]
[Site "Torino ITA"]
[Date "2003.01.??"]
[Round "2"]
[White "Racioppo, Paolo"]
[Black "Giacometto, Mario"]
[WhiteElo "2208"]
[BlackElo "1777"]
[Result "1-0"]
[PlyCount "75"]
[EventDate "2003.01.20"]

1. e4 Nf6 2. e5 Nd5 3. d4 d6 4. c4 Nb6 5. exd6 exd6 6. Bd3 g6 7. Ne2 Bg7 8. Be3
O-O 9. O-O Nc6 10. Nbc3 Ne7 11. Rc1 Bf5 12. b4 Bxd3 13. Qxd3 d5 14. c5 Nd7 15.
Bf4 c6 16. a4 a6 17. g4 f5 18. g5 Re8 19. Rfe1 Kf7 20. Nb1 Ng8 21. Nd2 Nf8 22.
Nf3 Ne6 23. Qd2 Qd7 24. Be5 h6 25. h4 Qd8 26. Ng3 h5 27. a5 Bxe5 28. Nxe5+ Kg7
29. f4 Ne7 30. Re2 Nc8 31. Rce1 Nf8 32. Re3 Na7 33. Kh2 Re6 34. Nf3 Rxe3 35.
Qxe3 Kf7 36. Qe5 Nb5 37. Qh8 Ne6 38. Qh7+ 1-0

[Event "XLVII C.to Torinese Assoluto 2002"]
[Site "Torino ITA"]
[Date "2003.01.??"]
[Round "2"]
[White "Ricca, Roberto"]
[Black "Fassio, Luca"]
[WhiteElo "2100"]
[BlackElo "2145"]
[Result "1/2-1/2"]
[PlyCount "97"]
[EventDate "2003.01.20"]

1. e3 g6 2. h4 h5 3. Be2 d6 4. d4 Nh6 5. b3 Bg7 6. Bb2 c5 7. Qd2 Nc6 8. Na3 O-O
9. c4 cxd4 10. exd4 Nf5 11. Nf3 Nfxd4 12. Nxd4 Nxd4 13. Bxd4 Bxd4 14. Qxd4 Qa5+
15. Kf1 Qxa3 16. g4 hxg4 17. h5 Qc5 18. Qxc5 dxc5 19. hxg6 fxg6 20. Kg2 Bf5 21.
Rh4 Be4+ 22. Kg3 Bf3 23. Bxf3 Rxf3+ 24. Kg2 Raf8 25. Rxg4 Rxf2+ 26. Kg3 Kg7 27.
Re4 R8f7 28. Rxe7 Rd2 29. Re3 Rfd7 30. Kf3 Kf6 31. a3 Kf5 32. Rae1 R7d3 33. b4
Rxe3+ 34. Rxe3 Rc2 35. Re7 Rxc4 36. Rxb7 cxb4 37. axb4 Rc3+ 38. Kf2 Ra3 39. b5
Kg4 40. b6 Ra2+ 41. Kf1 a5 42. Ra7 Rb2 43. Rxa5 Rxb6 44. Ra4+ Kh5 45. Kg2 Rb3
46. Rc4 g5 47. Ra4 g4 48. Ra8 Kg5 49. Rg8+ 1/2-1/2

[Event "XLVII C.to Torinese Assoluto 2002"]
[Site "Torino ITA"]
[Date "2003.01.??"]
[Round "3"]
[White "Cordara, Michele"]
[Black "Racioppo, Paolo"]
[WhiteElo "2187"]
[BlackElo "2208"]
[Result "1-0"]
[PlyCount "67"]
[EventDate "2003.01.20"]

1. Nf3 d6 2. d4 f5 3. g3 Nf6 4. Bg2 g6 5. O-O Bg7 6. b4 O-O 7. Bb2 c6 8. c4 Na6
9. b5 Nc7 10. bxc6 bxc6 11. Nc3 Bd7 12. Rb1 Qe8 13. Ba3 Nh5 14. Rb7 Ne6 15. e4
c5 16. exf5 gxf5 17. Rxd7 Qxd7 18. Nh4 cxd4 19. Qxh5 dxc3 20. Bd5 Rab8 21. Re1
Rf6 22. Rxe6 Rxe6 23. Qxf5 Qe8 24. Bxe6+ Kh8 25. Bc1 Bf6 26. Bg5 Bxg5 27. Qxg5
Rb1+ 28. Kg2 Re1 29. Qh6 Rxe6 30. Qxe6 Qc6+ 31. Kh3 c2 32. Qf7 Qc8+ 33. Nf5 Qg8
34. Qxe7 1-0

[Event "XLVII C.to Torinese Assoluto 2002"]
[Site "Torino ITA"]
[Date "2003.01.??"]
[Round "3"]
[White "Faraoni, Enrico"]
[Black "De Barberis, Massimo"]
[WhiteElo "2182"]
[BlackElo "2102"]
[Result "1/2-1/2"]
[PlyCount "26"]
[EventDate "2003.01.20"]

1. d4 Nf6 2. g4 Nxg4 3. e4 d5 4. Be2 h5 5. h3 Nf6 6. e5 Ne4 7. Bf4 h4 8. Nd2
Bf5 9. Nf1 e6 10. f3 Ng3 11. Nxg3 hxg3 12. Bxg3 Qg5 13. Kf2 Nd7 1/2-1/2

[Event "XLVII C.to Torinese Assoluto 2002"]
[Site "Torino ITA"]
[Date "2003.01.??"]
[Round "3"]
[White "Fassio, Luca"]
[Black "Pepino, Enrico"]
[WhiteElo "2145"]
[BlackElo "2084"]
[Result "0-1"]
[PlyCount "38"]
[EventDate "2003.01.20"]

1. e4 c5 2. c3 g6 3. d4 cxd4 4. cxd4 Bg7 5. Nc3 d6 6. Nf3 Nf6 7. Bd3 O-O 8. O-O
Nc6 9. h3 e5 10. Be3 Nh5 11. d5 Nd4 12. Bxd4 exd4 13. Ne2 Kh8 14. Qb3 g5 15.
Nfxd4 g4 16. hxg4 Bxg4 17. f3 Bc8 18. Rad1 Qh4 19. f4 Nxf4 0-1

[Event "XLVII C.to Torinese Assoluto 2002"]
[Site "Torino ITA"]
[Date "2003.01.??"]
[Round "3"]
[White "Giacometto, Mario"]
[Black "Barbiso, Tiziana"]
[WhiteElo "1777"]
[BlackElo "2043"]
[Result "0-1"]
[PlyCount "90"]
[EventDate "2003.01.20"]

1. e4 e6 2. d4 d5 3. e5 c5 4. c3 Nc6 5. Nf3 Qb6 6. a3 Bd7 7. b4 cxd4 8. cxd4
Rc8 9. Bb2 Na5 10. Be2 Nc4 11. Qb3 a5 12. Bc3 Ne7 13. O-O Nc6 14. b5 a4 15.
Qxa4 Na7 16. Bxc4 Rxc4 17. Qb3 Qxb5 18. Qxb5 Nxb5 19. Rc1 Be7 20. a4 Nxc3 21.
Nxc3 O-O 22. Nb5 Rfc8 23. Rxc4 Rxc4 24. Kf1 Rxa4 25. Rb1 Rb4 26. Rxb4 Bxb4 27.
Nd6 Bc6 28. Ke2 Kf8 29. Kd3 h6 30. Kc2 Bxd6 31. exd6 Ke8 32. Kb3 f6 33. Kb4 b6
34. g4 Kd7 35. h4 Kxd6 36. g5 hxg5 37. hxg5 Ke7 38. Nh4 fxg5 39. Nf3 Kf6 40.
Ne5 Be8 41. Kc3 Kf5 42. Kd3 Kf4 43. f3 Bh5 44. Ke2 g4 45. Nd3+ Kf5 0-1

[Event "XLVII C.to Torinese Assoluto 2002"]
[Site "Torino ITA"]
[Date "2003.01.??"]
[Round "3"]
[White "Nardelli, Marco"]
[Black "Fabbri, Mario"]
[WhiteElo "1911"]
[BlackElo "2190"]
[Result "1-0"]
[PlyCount "63"]
[EventDate "2003.01.20"]

1. e4 e5 2. Nf3 Nc6 3. Bb5 Nf6 4. O-O d6 5. Re1 Be7 6. c3 O-O 7. h3 a6 8. Ba4
Bd7 9. d4 Re8 10. Bb3 h6 11. Nbd2 Bf8 12. d5 Nb8 13. Nh2 g6 14. Kh1 Nh5 15.
Ndf3 Bg7 16. Be3 Nf4 17. Qd2 g5 18. g3 Nxh3 19. Ng1 Nxg1 20. Rxg1 f5 21. f4
exf4 22. gxf4 g4 23. Bc2 h5 24. exf5 Rf8 25. Nxg4 hxg4 26. Rxg4 Rxf5 27. Qh2
Rf7 28. Rxg7+ Rxg7 29. Bd4 Bg4 30. Bxg7 Bf3+ 31. Kg1 Kxg7 32. Qh7+ 1-0

[Event "XLVII C.to Torinese Assoluto 2002"]
[Site "Torino ITA"]
[Date "2003.01.??"]
[Round "3"]
[White "Pulito, Alberto"]
[Black "Maccagno, Giancarlo"]
[WhiteElo "2019"]
[BlackElo "2130"]
[Result "0-1"]
[PlyCount "120"]
[EventDate "2003.01.20"]

1. e4 c6 2. d4 g6 3. Nc3 d6 4. Be3 Nd7 5. Qd2 Bg7 6. f3 h5 7. Nh3 a6 8. Bc4 d5
9. Bb3 Nb6 10. Nf4 e6 11. a3 Ne7 12. h4 Bd7 13. O-O-O Qc7 14. g4 hxg4 15. fxg4
O-O-O 16. Nd3 dxe4 17. Bf4 e5 18. Nxe5 Nbd5 19. Bxd5 Nxd5 20. Nxd5 cxd5 21.
Nxf7 Qc6 22. Nxh8 Rxh8 23. Rdg1 Qc4 24. Be5 Bxe5 25. dxe5 d4 26. b3 Qc5 27. h5
e3 28. Qb4 Qxe5 29. hxg6 Rxh1 30. Rxh1 d3 31. c3 d2+ 32. Kc2 Bc6 33. Qf8+ Kc7
34. Rh7+ Kb6 35. Qd8+ Ka7 36. Re7 Be4+ 37. Kb2 d1=Q 38. Qxd1 Qxe7 39. Qd4+ b6
40. Qxe3 Qe5 41. Qe2 Qd5 42. g7 Bh7 43. a4 Bg8 44. Qe7+ Qb7 45. Qe5 a5 46. c4
Qd7 47. Ka3 Kb7 48. g5 Qc7 49. Qe8 Qxg7 50. Qe4+ Ka7 51. Ka2 Qxg5 52. Qd4 Qe7
53. Qf4 Bh7 54. Qg4 Ka6 55. Qc8+ Qb7 56. Qg4 Ka7 57. Qh3 Qd7 58. Qg4 Qf7 59.
Qd4 Qf5 60. Qg7+ Ka6 0-1

[Event "XLVII C.to Torinese Assoluto 2002"]
[Site "Torino ITA"]
[Date "2003.01.??"]
[Round "3"]
[White "Ricca, Roberto"]
[Black "Fuggetta, Leonardo"]
[WhiteElo "2100"]
[BlackElo "2055"]
[Result "0-1"]
[PlyCount "24"]
[EventDate "2003.01.20"]

1. d3 d5 2. g3 Nf6 3. Bg2 g6 4. f4 Bg7 5. Nf3 c6 6. O-O Qb6+ 7. Kh1 Ng4 8. Qd2
Nf2+ 9. Rxf2 Qxf2 10. d4 Bg4 11. c3 Bxf3 12. Bxf3 Qf1# 0-1

[Event "XLVII C.to Torinese Assoluto 2002"]
[Site "Torino ITA"]
[Date "2003.01.??"]
[Round "4"]
[White "Barbiso, Tiziana"]
[Black "Ricca, Roberto"]
[WhiteElo "2043"]
[BlackElo "2100"]
[Result "0-1"]
[PlyCount "74"]
[EventDate "2003.01.20"]

1. e4 e5 2. Nf3 f5 3. exf5 e4 4. Ne5 Nf6 5. d4 d6 6. Ng4 Bxf5 7. Be2 Be7 8. Nc3
Nc6 9. Be3 Qd7 10. Nxf6+ Bxf6 11. Nd5 Bd8 12. Qd2 Qf7 13. Bc4 Be6 14. Nxc7+
Bxc7 15. d5 Bc8 16. Bb5 a6 17. Ba4 b5 18. dxc6 bxa4 19. Qd4 Bf5 20. Qxa4 Qd5
21. O-O Qb5 22. Qd4 O-O 23. Qc3 Ba5 24. Qb3+ d5 25. Rfd1 Be6 26. Qxb5 axb5 27.
a4 b4 28. Bc5 Rfc8 29. Rd4 Rxc6 30. Bxb4 Rxc2 31. b3 Bb6 32. Rd2 Rac8 33. g3
Rxd2 34. Bxd2 Rc2 35. a5 Ba7 36. Be3 d4 37. Bf4 Bxb3 0-1

[Event "XLVII C.to Torinese Assoluto 2002"]
[Site "Torino ITA"]
[Date "2003.01.??"]
[Round "4"]
[White "Fabbri, Mario"]
[Black "De Barberis, Massimo"]
[WhiteElo "2190"]
[BlackElo "2102"]
[Result "0-1"]
[PlyCount "140"]
[EventDate "2003.01.20"]

1. d4 Nf6 2. c4 e6 3. Nc3 c5 4. Nf3 cxd4 5. Nxd4 Qb6 6. e3 Nc6 7. Be2 Nxd4 8.
exd4 d6 9. O-O Be7 10. b3 O-O 11. Bf3 Bd7 12. Re1 Rfe8 13. Be3 Qc7 14. Rc1 Rad8
15. Bf4 Qb6 16. h3 h6 17. Qd2 Bf8 18. Be3 Qc7 19. g3 e5 20. Bg2 Bc6 21. Bxc6
bxc6 22. d5 c5 23. g4 Qd7 24. f3 Nh7 25. Ne4 f5 26. gxf5 Qxf5 27. Qg2 Kh8 28.
Qg4 Qf7 29. Rc2 Be7 30. Rg2 Nf6 31. Qf5 Rf8 32. Qe6 Qxe6 33. dxe6 Nxe4 34. fxe4
Rf6 35. b4 Rxe6 36. Rd2 cxb4 37. Bxa7 Ra8 38. Bf2 Bg5 39. Rc2 Ra3 40. h4 Be7
41. Ree2 b3 42. axb3 Rxb3 43. c5 dxc5 44. Bxc5 Rg6+ 45. Rg2 Rxg2+ 46. Kxg2 Bxh4
47. Bd6 Rg3+ 48. Kh2 Re3 49. Bxe5 Rxe4 50. Bb2 Re6 51. Kh3 Bf6 52. Bc1 Kh7 53.
Rc4 g5 54. Bd2 Kg6 55. Ba5 Re3+ 56. Kg2 h5 57. Bc7 Rc3 58. Rxc3 Bxc3 59. Bg3
Kf5 60. Bh4 g4 61. Bf2 Be5 62. Be1 Kf4 63. Bd2+ Ke4 64. Ba5 h4 65. Be1 h3+ 66.
Kh1 Kf5 67. Bh4 Ke4 68. Kg1 Kf3 69. Be1 Bg3 70. Bb4 Bf2+ 0-1

[Event "XLVII C.to Torinese Assoluto 2002"]
[Site "Torino ITA"]
[Date "2003.01.??"]
[Round "4"]
[White "Fuggetta, Leonardo"]
[Black "Cordara, Michele"]
[WhiteElo "2055"]
[BlackElo "2187"]
[Result "1-0"]
[PlyCount "95"]
[EventDate "2003.01.20"]

1. Nf3 Nf6 2. g3 c5 3. c4 d5 4. cxd5 Nxd5 5. Bg2 Nc6 6. O-O e5 7. Nc3 Nc7 8.
Ne1 Be7 9. Nd3 f6 10. b3 Bf5 11. Ne4 Ne6 12. Bb2 Rc8 13. f4 exf4 14. Nxf4 Nxf4
15. Rxf4 Be6 16. e3 O-O 17. d4 cxd4 18. exd4 Nb4 19. Nc3 Nd5 20. Nxd5 Bxd5 21.
Rf2 Bxg2 22. Rxg2 Qd5 23. Rc1 Bb4 24. Rgc2 Rce8 25. Qd3 b5 26. Re2 Bd6 27. Rce1
Rxe2 28. Qxe2 Kf7 29. Qe4 Qxe4 30. Rxe4 Rc8 31. Re2 a5 32. Kf2 a4 33. bxa4 bxa4
34. d5 a3 35. Bd4 h5 36. h3 Rc4 37. Rd2 Bb4 38. Rd3 Rxd4 39. Rxd4 Bc5 40. Ke3
Ke7 41. Kd3 Bxd4 42. Kxd4 Kd6 43. Kc4 g6 44. Kd4 g5 45. Ke4 h4 46. g4 Kc5 47.
Kf5 Kxd5 48. Kxf6 1-0

[Event "XLVII C.to Torinese Assoluto 2002"]
[Site "Torino ITA"]
[Date "2003.01.??"]
[Round "4"]
[White "Giacometto, Mario"]
[Black "Fassio, Luca"]
[WhiteElo "1777"]
[BlackElo "2145"]
[Result "0-1"]
[PlyCount "104"]
[EventDate "2003.01.20"]

1. e4 g6 2. d4 Bg7 3. Nc3 d6 4. Bg5 c6 5. Qd2 b5 6. O-O-O Nd7 7. Kb1 Nb6 8. f4
b4 9. Nce2 Nf6 10. Bxf6 Bxf6 11. e5 dxe5 12. fxe5 Bg7 13. Qxb4 Bxe5 14. Nf3 Bg7
15. Qc5 O-O 16. Nc3 Qd6 17. Qxd6 exd6 18. Ne4 Rd8 19. Bd3 f5 20. Ned2 Bf6 21.
Rhe1 Rb8 22. h4 h6 23. c3 Na4 24. Bc4+ Kg7 25. Bb3 Nb6 26. Nc4 Nxc4 27. Bxc4 g5
28. hxg5 hxg5 29. Be6 Rh8 30. Bxc8 Rbxc8 31. d5 c5 32. c4 g4 33. Nd2 Be5 34.
Nf1 Kg6 35. Kc2 Kg5 36. b3 Rh1 37. Nd2 Rxe1 38. Rxe1 Rh8 39. Nf1 Rh1 40. Kd3
Rg1 41. b4 Bd4 42. g3 Bf2 43. Rb1 cxb4 44. Nd2 Rxg3+ 45. Ke2 Bc5 46. Nb3 Re3+
47. Kd2 Re4 48. Nxc5 dxc5 49. Rd1 Rxc4 50. d6 Rd4+ 51. Ke2 Rxd1 52. Kxd1 Kf6
0-1

[Event "XLVII C.to Torinese Assoluto 2002"]
[Site "Torino ITA"]
[Date "2003.01.??"]
[Round "4"]
[White "Maccagno, Giancarlo"]
[Black "Nardelli, Marco"]
[WhiteElo "2130"]
[BlackElo "1911"]
[Result "0-1"]
[PlyCount "82"]
[EventDate "2003.01.20"]

1. e4 c5 2. c3 d5 3. exd5 Qxd5 4. d4 Nf6 5. Nf3 Nc6 6. Be2 cxd4 7. cxd4 e6 8.
Nc3 Qd6 9. O-O Be7 10. Nb5 Qd8 11. Bf4 Nd5 12. Bg3 a6 13. Nc3 O-O 14. Rc1 Bf6
15. Ne4 Qb6 16. Nxf6+ Nxf6 17. Bd3 Ne7 18. Qd2 Ned5 19. Be5 Bd7 20. Rc5 Bb5 21.
Bxb5 axb5 22. a3 Ne4 23. Qc2 Nxc5 24. dxc5 Qd8 25. Rd1 Ra4 26. Qb3 Qa5 27. Nd4
Re8 28. Qxb5 Qxb5 29. Nxb5 f6 30. Bd6 Re4 31. Kf1 Ra8 32. Nc7 Nxc7 33. Bxc7 Rc4
34. Bb6 Rc2 35. b4 Rxa3 36. g3 Raa2 37. Rd8+ Kf7 38. Rd7+ Kg6 39. Rxb7 Rxf2+
40. Kg1 Rg2+ 41. Kf1 Rgc2 0-1

[Event "XLVII C.to Torinese Assoluto 2002"]
[Site "Torino ITA"]
[Date "2003.01.??"]
[Round "4"]
[White "Pepino, Enrico"]
[Black "Racioppo, Paolo"]
[WhiteElo "2084"]
[BlackElo "2208"]
[Result "1-0"]
[PlyCount "71"]
[EventDate "2003.01.20"]

1. e4 d6 2. d4 Nf6 3. Nc3 c6 4. f4 d5 5. e5 Ng8 6. Nf3 g6 7. Bd3 h5 8. Qe2 Bg4
9. e6 Bxe6 10. Bxg6 Qd6 11. Ng5 fxg6 12. Nxe6 Nh6 13. f5 Nxf5 14. Bf4 Nxd4 15.
Bxd6 Nxe2 16. Be5 Rg8 17. Nxe2 Na6 18. O-O Kd7 19. Nxf8+ Raxf8 20. a3 b6 21.
Rad1 Nc5 22. Nc3 Nb7 23. Ne2 g5 24. b3 Nc5 25. a4 Ne4 26. Ng3 Nxg3 27. Bxg3 h4
28. Be5 e6 29. Rxf8 Rxf8 30. Rf1 Rxf1+ 31. Kxf1 Ke7 32. b4 Kf7 33. b5 cxb5 34.
axb5 Ke7 35. Ke2 g4 36. Ke3 1-0

[Event "XLVII C.to Torinese Assoluto 2002"]
[Site "Torino ITA"]
[Date "2003.01.??"]
[Round "4"]
[White "Pulito, Alberto"]
[Black "Faraoni, Enrico"]
[WhiteElo "2019"]
[BlackElo "2182"]
[Result "1-0"]
[PlyCount "27"]
[EventDate "2003.01.20"]

1. e4 e5 2. Nf3 f5 3. d4 fxe4 4. Nxe5 Nf6 5. Nc3 d6 6. Bg5 Be7 7. Bxf6 Bxf6 8.
Qh5+ g6 9. Nxg6 hxg6 10. Qxg6+ Kd7 11. Nd5 Rf8 12. Be2 Na6 13. O-O-O Qe8 14.
Nxf6+ 1-0

[Event "XLVII C.to Torinese Assoluto 2002"]
[Site "Torino ITA"]
[Date "2003.01.??"]
[Round "5"]
[White "Cordara, Michele"]
[Black "Faraoni, Enrico"]
[WhiteElo "2187"]
[BlackElo "2182"]
[Result "0-1"]
[PlyCount "84"]
[EventDate "2003.01.20"]

1. Nf3 f5 2. g3 Nf6 3. Bg2 d6 4. d4 g6 5. b4 Bg7 6. Bb2 O-O 7. c4 Qe8 8. O-O h6
9. Nfd2 e5 10. dxe5 dxe5 11. e4 f4 12. Nf3 Bg4 13. h3 Bxf3 14. Bxf3 Nc6 15. Nc3
Qe6 16. Nd5 fxg3 17. fxg3 Qxh3 18. Bg2 Qxg3 19. Rf3 Qg4 20. Re3 Qxd1+ 21. Rxd1
Nxd5 22. exd5 Nd4 23. Bxd4 exd4 24. Re6 Rf6 25. Re7 Rf7 26. Re6 g5 27. d6 cxd6
28. Bd5 Kh8 29. Rxh6+ Bxh6 30. Bxf7 g4 31. Kg2 Be3 32. Kg3 Rf8 33. Bd5 b6 34.
a4 Rf4 35. a5 Kg7 36. axb6 axb6 37. Be6 Kf6 38. Bxg4 Rf2 39. Bf3 Ke5 40. b5 Rd2
41. Re1 Kf5 42. Rf1 Bf4+ 0-1